1882 1546 1175 1465 1893 1016 1411 1465 1766 1677 1840 1113 1821 1429 1955 1556 1013 1490 1227 1960 1517 1889 1628 1353 1771 1718 1026 1984 1916 1628 1033 1707 1284 1236 1152 1631 1171 1596 1874 1192 1979 1255 1742 1853 1651 1528 1663 1732 1432 1459 1163 1253 1609 1133 1799 1127 1235 1783 1621 1635 1114 1957 1398 1725 1656 1415 1273 1152 1518 1365 1610 1093 1875 1823 1511 1768 1621 1403 1412 1851 1312 1886 1934 1468 1323 1768 1325 1780 1738 1696 1060 1874 1188 1701 1405 1668 1817 1301 1592 BCNSPRNW ULIB Ver.6.0+V

เปลี่ยนเป็นภาษาไทย

Change to English
 แสดงรายละเอียดบรรณานุกรม
  กลับหน้าหลัก

Brief Record : Get Marc (ISO 2709) : E-mail record : QR code < ปิดหน้าต่าง
LEADER : 00000nam 2200000uu 4500
001    13399112086
003     ULIB
008    110425s2542||||th 000 0 tha d
050  4 H62.5^bป351ร 2542
100 0  ประพิณ วัฒนกิจ
245 10 ระเบียบวิธีวิจัย : วิจัยสังคมศาสตร์ /^cประพิณ วัฒนกิจ
260    กรุงเทพฯ :^bกองงานพยาบาล กระทรวงสาธารณสุข,^c2542
300    165 หน้า :^bแผนภูมิ , ตาราง
650  7 กระบวนการวิจัย
650  7 การกำหนดขนาดกลุ่มตัวอย่าง
650  7 การวิจัยเชิงปฏิบัติการแบบมีส่วนร่วม
650  7 การวิจัยสาธารณสุข
995    ทศพร
999 ^a ใช้งานได้ทุกระบบ
รายการนี้ยังไม่มีแท็ก
คุณยังไม่ได้ล็อกอิน คุณสามารถมีกิจกรรมร่วมกับเว็บไซต์ได้ แต่ต้องล็อกอินก่อน ::
  ล็อกอิน

รายการสื่อสารสนเทศ

ลำดับที่ ประเภท เลขเรียก/บาร์โค้ด สถานที่ สถานะ
- ไม่พบข้อมูล -

รายการใกล้เคียง
    ผู้แต่ง [ประพิณ วัฒนกิจ]

    หัวเรื่อง [กระบวนการวิจัย]

BibComment


ยังไม่เคยถูกคอมเมนท์

คอมเมนท์ทรัพยากรรายการนี้
  คอมเมนท์: ระเบียบวิธีวิจัย ..


 Copyright 2026. Bcnsprnw @Library